• 首页
  • 本馆介绍
  • 公告通知
  • 最新文献
  • 馆藏检索
  • 电子资源
  • 读者导购
  • 参考咨询
  • 我的图书馆
  • 登录
  • 详细信息显示
  • 放入我的书架
  • 预约/预借图书
  • 作者相关作品
  • 分类相关作品
  • 丛书相关作品
  • 出版社相关作品

书目信息

  • 表格格式
  • 工作单格式
  • 卡片格式
题名:
幼儿园设计
    
 
作者: ;日本株式会社新建筑社 编译
分册:  
出版信息: 大连   大连理工大学出版社  2011
页数: 155页
开本: 30cm
丛书名: 日本新建筑系列丛书
单 册:
中图分类: TU244.1-64
科图分类:
主题词: 幼儿园--建筑设计--日本--图集
电子资源:
ISBN: 978-7-5611-6545-4
000 00797oam2 2200241 45
001 1356810796
005 20130514160030.12
010    @a978-7-5611-6545-4@dCNY58.00
100    @a20130108d2011 em y0chiy50 ea
101 0  @achi
102    @aCN@b210000
105    @ay z 000yy
106    @ar
200 1  @a幼儿园设计@AYou Er Yuan She Ji@f日本株式会社新建筑社编译@FRi Ben Zhu Shi Hui She Xin Jian Zhu She Bian Yi
210    @a大连@c大连理工大学出版社@d2011
215    @a155页@c图@d30cm
225 2  @a日本新建筑系列丛书@v13
461  0 @12001 @a日本新建筑系列丛书
606 0  @a幼儿园@x建筑设计@y日本@j图集
690    @aTU244.1-64@v5
711 02 @a日本株式会社新建筑社@ARi Ben Zhu Shi Hui She Xin Jian Zhu She@4编译
801    @aCN@bTANGWEI@c20130108
905    @b0829791-95@dTU244.1-64@e590@f5
    
    幼儿园设计/日本株式会社新建筑社编译.-大连:大连理工大学出版社,2011
    155页:图;30cm.-(日本新建筑系列丛书;13)
    
    
    ISBN 978-7-5611-6545-4:CNY58.00
    
●
相关链接 在E读中查询图书 在五车中查询图书 在当当中查询图书 在豆瓣中查询图书


正题名:幼儿园设计     索取号:TU244.1-64/590         预约/预借

序号 登录号 条形码 馆藏地/架位号 状态 备注
1 0829791   208297911   第二样本阅览室/ [索取号:TU244.1-64/590] 在馆    
2 0829792   208297920   密集书库-资源管理系/ [索取号:TU244.1-64/590] 在馆    
3 0829793   208297939   第三借阅区/ [索取号:TU244.1-64/590] 在馆    
4 0829794   208297948   第三借阅区/ [索取号:TU244.1-64/590] 在馆    
5 0829795   208297957   第三借阅区/ [索取号:TU244.1-64/590] 在馆    
唐山师范学院图书馆 欢迎您!
大连网信软件有限公司© 版权所有